| 000 | 00606nam a22001937a 4500 | ||
|---|---|---|---|
| 003 | OSt | ||
| 005 | 20260113075325.0 | ||
| 008 | 260113b |||||||| |||| 00| 0 eng d | ||
| 020 | _a978-971-07-4639-2 | ||
| 040 |
_aDWCL - Main lib _cOC |
||
| 082 |
_21st ed. _aFil. 899.211 C545w 2020 |
||
| 100 | _aChoa, Jan Henry Jr. M. | ||
| 245 |
_aWow , Filipino 10 / _cJan Henry Choa Jr. |
||
| 260 |
_aQuezon City , Manila : _bVibal Group , _cc2020. |
||
| 300 |
_axxix , 562 p.: _bcol. ill.; _c26cm. |
||
| 650 | _a1. Filipino -Study And Teaching | ||
| 650 | _a2. Philippine Literature | ||
| 942 |
_2ddc _cBK-FIL _mFil. _n0 |
||
| 999 |
_c7341 _d7341 |
||